| 000 | 00470nam a2200157Ia 4500 | ||
|---|---|---|---|
| 008 | 170221s9999 xx 000 0 und d | ||
| 100 | _aSusan D. Myers | ||
| 245 | _aFacebook and Pharmaceutical Companies: An Industry in Need of Guidance | ||
| 245 | _cSusan D. Myers | ||
| 260 | _bOnline Journal of Communication and Media Technologies | ||
| 260 | _c2016 | ||
| 300 | _a5 : 2 | ||
| 650 | _xCommunication | ||
| 650 | _xMedia Arts | ||
| 856 | _uhttp://www.ojcmt.net/ | ||
| 999 |
_c313012 _d313012 |
||